000 00590nam a2200241Ia 4500
005 20250425161733.0
008 250425s9999 xx 000 0 und d
020 _a968240262x
041 _aspa
082 _a631.41
100 _aCHAPMAN, HOMER D
245 0 _aMÉTODOS DE ANÁLISIS PARA SUELOS, PLANTAS Y AGUAS
250 _a1A ED.
260 _aMEXICO
260 _aMéxico
_bTRILLAS
_c1973
300 _a195
650 _aAGUA-ANALISIS
650 _aPLANTAS-ANALISIS QUIMICO
650 _aSUELOS-ANALISIS
700 _aPRATT, PARKET F
942 _c01
010 _a26957
999 _c215066
_d215066